Gharelu totkoan ka encyclopedia = گھریلو ٹوٹکوں کا انسایکلوپیڈیا (Record no. 93950)
[ view plain ]
| 000 -LEADER | |
|---|---|
| fixed length control field | 00507nam a22001577a 4500 |
| 005 - DATE AND TIME OF LATEST TRANSACTION | |
| control field | 20170523112025.0 |
| 008 - FIXED-LENGTH DATA ELEMENTS--GENERAL INFORMATION | |
| fixed length control field | 170523b xxu||||| |||| 00| 0 eng d |
| 020 ## - INTERNATIONAL STANDARD BOOK NUMBER | |
| International Standard Book Number | 9789696620488 |
| 040 ## - CATALOGING SOURCE | |
| Transcribing agency | PK-LaUMT |
| 082 ## - DEWEY DECIMAL CLASSIFICATION NUMBER | |
| Classification number | 610 |
| Item number | ZAI-G |
| 100 ## - MAIN ENTRY--PERSONAL NAME | |
| Personal name | Zainab Fatima =زینب فاطمہ |
| 245 ## - TITLE STATEMENT | |
| Title | Gharelu totkoan ka encyclopedia = گھریلو ٹوٹکوں کا انسایکلوپیڈیا |
| Statement of responsibility, etc | Zainab Fatima =زینب فاطمہ |
| 260 ## - PUBLICATION, DISTRIBUTION, ETC. (IMPRINT) | |
| Place of publication, distribution, etc | جہلم: |
| Name of publisher, distributor, etc | بک کارنر، |
| Date of publication, distribution, etc | 2016 |
| 300 ## - PHYSICAL DESCRIPTION | |
| Extent | 421 ص |
| 942 ## - ADDED ENTRY ELEMENTS (KOHA) | |
| Koha item type | Books |
| Withdrawn status | Lost status | Damaged status | Home library | Current library | Date acquired | Full call number | Barcode | Date last seen | Price effective from | Koha item type |
|---|---|---|---|---|---|---|---|---|---|---|
| UMT Main Campus | UMT Main Campus | 2017-05-23 | 610 ZAI-G | 109370 | 2025-06-18 | 2017-05-23 | Books |
